Library of the University of Algiers 3
Ibrahim Sultan Cheibout
شعار جامعة الجزائر 3
مكتبة جامعة الجزائر 3
إبراهيم سلطان شيبوط

النقود و البنوك والنظرية النقدية / (رقم التسجيلة. 45192)

تفاصيل مارك
000 -LEADER
fixed length control field 02298nam a2200241Ia 4500
003 - CONTROL NUMBER IDENTIFIER
control field Ost
005 - DATE AND TIME OF LATEST TRANSACTION
control field 20260507075630.0
008 - FIXED-LENGTH DATA ELEMENTS--GENERAL INFORMATION
fixed length control field 260507s9999||||xx |||||||||||||| ||und||
040 ## - CATALOGING SOURCE
Transcribing agency fsecg
041 ## - LANGUAGE CODE
Language code of text/sound track or separate title ara
082 ## - DEWEY DECIMAL CLASSIFICATION NUMBER
Classification number 332.1
100 ## - MAIN ENTRY--PERSONAL NAME
Personal name محمد صالح، عبد القادر
Relator term مؤلف
245 #0 - TITLE STATEMENT
Title النقود و البنوك والنظرية النقدية /
Statement of responsibility, etc. عبد القادر محمد صالح
260 ## - PUBLICATION, DISTRIBUTION, ETC.
Place of publication, distribution, etc. عمان:
Name of publisher, distributor, etc. دار الفرقان للنشر و التوزيع,
Date of publication, distribution, etc. 1997
300 ## - PHYSICAL DESCRIPTION
Extent 93 صفحة؛
Dimensions 24 سم
504 ## - BIBLIOGRAPHY, ETC. NOTE
Bibliography, etc. note المراجع ص.93
520 ## - SUMMARY, ETC.
Summary, etc. تجد في هذا الكتاب : الفصل الأول : المقايضة والنقود : وظائف النقود : وظائف النقود الثانوية : أنواع النقود-الفصل الثاني : تعريف النقود : في النظام الرأسمالي : الاشتراكي-الفصل الثالث : قيمة النقود ومستوى الاسعار : الارقام القياسية للاسعار : قيمة النقود ومستوى الاسعار : العوامل المؤثرة علي تغيير مستوى الاسعار-الفصل الرابع : القواعد النقدية : قاعدة الذهب : انهيار قاعدة الذهب : قاعدة الفصة : القاعدة المعدنية : قاعدة النقود الورقية-الفصل الخامس : البنوك التجارية-الفصل السادس : اعمال البنوك التجارية : تاريخ البنوك التجارية : ظهور الائتمان المصرفي : ميزانية البنوك التجارية-الفصل السابع : تخصص البنوك : مركز البنوك التجارية-الفصل الثامن : البنوك المركزية : وظائف البنوك المركزية-الفصل التاسع : النظرية النقدية : التحليل النقدي التقليدي : معادلة فيشرFisher -الفصل العاشر : النظرية النقدية-طريقة الدخل والانفاق : طريقة كينز Keynes-الفصل الحادي عشر : التحليل النقدي الحديث
653 ## - INDEX TERM--UNCONTROLLED
Uncontrolled term الاشتراكية
653 ## - INDEX TERM--UNCONTROLLED
Uncontrolled term البنوك التجارية
653 ## - INDEX TERM--UNCONTROLLED
Uncontrolled term الرأسمالية
653 ## - INDEX TERM--UNCONTROLLED
Uncontrolled term النقود
942 ## - ADDED ENTRY ELEMENTS (KOHA)
Koha item type كتب
المقتنيات
Withdrawn status Lost status Source of classification or shelving scheme Damaged status Not for loan Home library Current library Date acquired Serial enumeration / chronology Inventory number Total checkouts Full call number Barcode Date last seen Price effective from Koha item type
    Dewey Decimal Classification   NOT LOAN / إعارة داخلية مكتبة كلية العلوم الإقتصادية والعلوم التجارية وعلوم التسيير مكتبة كلية العلوم الإقتصادية والعلوم التجارية وعلوم التسيير 07/05/2026 الطابق الأرضي 755/1   أ/755ن1 755/1 07/05/2026 07/05/2026 كتب

موارد الويب المفتوحة


© University of Algiers 3 All Rights Reserved
|
Implemented by LECHELAH Riad